<?xml version="1.0" encoding="UTF-8"?>
<record
    xmlns:xsi="http://www.w3.org/2001/XMLSchema-instance"
    xsi:schemaLocation="http://www.loc.gov/MARC21/slim http://www.loc.gov/standards/marcxml/schema/MARC21slim.xsd"
    xmlns="http://www.loc.gov/MARC21/slim">

  <leader>02541nam a22001937a 4500</leader>
  <controlfield tag="008">170118s2015        gt||||| |||| 00| 0 spa d</controlfield>
  <datafield tag="020" ind1=" " ind2=" ">
    <subfield code="a">9789929406865</subfield>
  </datafield>
  <datafield tag="082" ind1="0" ind2="4">
    <subfield code="a">709.728</subfield>
    <subfield code="b">R893e</subfield>
  </datafield>
  <datafield tag="110" ind1="1" ind2=" ">
    <subfield code="a">Fundaci&#xF3;n Rozas-Botr&#xE1;n.</subfield>
    <subfield code="9">5707</subfield>
  </datafield>
  <datafield tag="245" ind1="1" ind2="0">
    <subfield code="a">Entre siglos :</subfield>
    <subfield code="b">arte contempor&#xE1;neo de Centroam&#xE9;rica y Panam&#xE1; /</subfield>
    <subfield code="c">Fundaci&#xF3;n Rozas-Botr&#xE1;n.</subfield>
  </datafield>
  <datafield tag="250" ind1=" " ind2=" ">
    <subfield code="a">1a ed.</subfield>
  </datafield>
  <datafield tag="260" ind1=" " ind2=" ">
    <subfield code="a">Guatemala :</subfield>
    <subfield code="b">Fundaci&#xF3;n Rozas-Botr&#xE1;n, </subfield>
    <subfield code="c">2015.</subfield>
  </datafield>
  <datafield tag="300" ind1=" " ind2=" ">
    <subfield code="a">398 p.</subfield>
    <subfield code="b">il. col. </subfield>
  </datafield>
  <datafield tag="505" ind1="0" ind2=" ">
    <subfield code="t">Cien a&#xF1;os de servicio social: treinta a&#xF1;os de promoci&#xF3;n art&#xED;stica en Centroam&#xE9;rica y Panam&#xE1; / A hundred years of social service: thirty years of art promotion in Central America and Panama</subfield>
    <subfield code="t">Ra&#xED;ces culturales: prehisp&#xE1;nicas, coloniales e independientes / The pre-hispanic, colonial and independent cultural roots </subfield>
    <subfield code="t">Guatemala, un siglo de visiones sensibles / Guatemala, a century of sensitive visions</subfield>
    <subfield code="r">Thelma Castillo.</subfield>
    <subfield code="t">Corolario:una generaci&#xF3;n bisagra / Corollary: una generaci&#xF3;n bisagra</subfield>
    <subfield code="r">Guillermo Monsanto </subfield>
    <subfield code="t">Consolidaci&#xF3;n de los valores est&#xE9;ticos / Consolidation of Aesthetical values </subfield>
    <subfield code="r">Jos&#xE9; Mario Maza.</subfield>
    <subfield code="t">La iniciativa privada y el arte / The private sector and art</subfield>
    <subfield code="r">Guillermo Monsanto.</subfield>
    <subfield code="t">El Salvador: un escenario retador / A challenging scenario</subfield>
    <subfield code="r">Rafael Alas.</subfield>
    <subfield code="t">Honduras: el arte contempor&#xE1;neo en Honduras: un acercamiento a su complejidad / Contemporary art in Honduras: An approach to its complexity </subfield>
    <subfield code="r">Ram&#xF3;n Antonio Caballero.</subfield>
    <subfield code="t">Nicaragua: artes visuales de un pa&#xED;s po&#xE9;tico / Visual arts from a poetic country</subfield>
    <subfield code="r">Julio Valle-Castillo.</subfield>
    <subfield code="t">Costa Rica: las artes visuales en la escena contempor&#xE1;nea costarricense (1994-2014) / Visual artss in Costa Rican contemporary art (1994-2014) </subfield>
    <subfield code="r">Alexia Dumani y Flor Gallardo.</subfield>
    <subfield code="t">Artistas vinculados con el arte contempor&#xE1;neo en Costa Rica / Artists linked to Costa Rican contemporary art</subfield>
    <subfield code="r">Alexia Dumani y Flor Gallardo.</subfield>
    <subfield code="t">Arte contempor&#xE1;neo en Panam&#xE1;: una cr&#xF3;nica sucinta / Contemporary art in Panama: a succint chronicle</subfield>
    <subfield code="r">Gladys Turner Bosso,</subfield>
    <subfield code="t">Descolonizar arte / Descolonizing art</subfield>
    <subfield code="r">Marcela Valdeavellano.</subfield>
    <subfield code="t">La Colecci&#xF3;n de Artes Visuales CIEN30 desde una perspectiva tem&#xE1;tica / Visual arts Collection CIEN30 from a thematic perspective</subfield>
    <subfield code="r">Silvia Herrera Ubico.</subfield>
    <subfield code="t">La huella sociocultural de la Fundaci&#xF3;n Rozas-Botr&#xE1;n / The socio-cultural path of Fundaci&#xF3;n Rozas-Botr&#xE1;n.</subfield>
    <subfield code="t">La colecci&#xF3;n de Artes Visuales Fundaci&#xF3;n Rozas-Botr&#xE1;n / Visual Arts Collection Fundaci&#xF3;n Rozas-Botr&#xE1;n.</subfield>
  </datafield>
  <datafield tag="653" ind1="1" ind2="0">
    <subfield code="a">Arte contempor&#xE1;neo</subfield>
  </datafield>
  <datafield tag="653" ind1="1" ind2="0">
    <subfield code="a">Arte - Centroam&#xE9;rica</subfield>
  </datafield>
  <datafield tag="653" ind1="1" ind2="0">
    <subfield code="a">Arte - Panam&#xE1;</subfield>
  </datafield>
  <datafield tag="653" ind1="1" ind2="0">
    <subfield code="a">Historia del arte </subfield>
  </datafield>
  <datafield tag="999" ind1=" " ind2=" ">
    <subfield code="c">1124</subfield>
    <subfield code="d">1124</subfield>
  </datafield>
  <datafield tag="952" ind1=" " ind2=" ">
    <subfield code="0">0</subfield>
    <subfield code="1">0</subfield>
    <subfield code="2">ddc</subfield>
    <subfield code="4">0</subfield>
    <subfield code="7">0</subfield>
    <subfield code="a">LV</subfield>
    <subfield code="b">LV</subfield>
    <subfield code="c">Monograf&#xED;as</subfield>
    <subfield code="d">2017-01-18</subfield>
    <subfield code="l">0</subfield>
    <subfield code="o">709.728 R893e</subfield>
    <subfield code="p">004293</subfield>
    <subfield code="r">2017-01-18 00:00:00</subfield>
    <subfield code="w">2017-01-18</subfield>
    <subfield code="y">01</subfield>
  </datafield>
</record>
